Madhyakaleen Bhartiya samaj evam sanskriti: (1600- 1700 european drshtikon se) (Record no. 394831)

MARC details
000 -LEADER
fixed length control field 00573 a2200205 4500
005 - DATE & TIME
control field 20260511102652.0
008 - FIXED-LENGTH DATA ELEMENTS--GENERAL INFORMATION
fixed length control field 260511b |||||||| |||| 00| 0 eng d
020 ## - ISBN
International Standard Book Number 9789351711346
Price Rs. 2100.00
040 ## - CATALOGING SOURCE
Original cataloging agency VIVEKANANDA LIBRARY
082 ## - DDC NUMBER
Classification number 954.025
Book Number N62M
100 ## - MAIN ENTRY--PERSONAL NAME
Personal name Nina Kumari
245 ## - TITLE STATEMENT
Title Madhyakaleen Bhartiya samaj evam sanskriti: (1600- 1700 european drshtikon se)
260 ## - PUBLICATION, DISTRIBUTION, ETC. (IMPRINT)
Name of publisher, distributor, etc Research India Press
Date of publication, distribution, etc 2025
Place of publication, distribution, etc New Delhi
300 ## - PHYSICAL DESCRIPTION
Pages xxii, 339
650 ## - Subject
Subject History
650 ## - Subject
Subject History of India
650 ## - Subject
Subject Medieval India
650 ## - Subject
Subject Mughal Period
942 ## - ADDED ENTRY ELEMENTS (KOHA)
Koha item type Books
Holdings
Withdrawn status Lost status Source of classification or shelving scheme Damaged status Not for loan Location (home branch) Sublocation or collection (holding branch) Shelving location Date acquired Koha issues (times borrowed) Koha full call number Accession No. Koha date last seen Koha item type
    Dewey Decimal Classification     VIVEKANANDA LIBRARY VIVEKANANDA LIBRARY Vivekananda Library 21/01/2026   954.025 N62M 444609 21/01/2026 Books
© Designed and Maintained by Vivekananda Library, MDU Rohtak